[Event "GMA, Wijk aan Zee NED"]
[Site "?"]
[Date "2003.??.??"]
[Round "10"]
[White "Grischuk,A"]
[Black "Polgar,Ju"]
[Result "0-1"]
[WhiteElo "2710"]
[BlackElo "2700"]
[PlyCount "94"]
[Annotator "Hathaway"]

1. e4 c5 2. Nf3 e6
{ Nowadays Polgar varies between this and the Najdorf Variation. }
3. d4 cxd4 4. Nxd4 Nc6 5. Nc3 (5. Nxc6 bxc6 6. Bd3 
{ is a good way to prepare O-O }) 5...Qc7 6. Be3 a6 7. Qd2
{ This is a curious way to develop against the Taimanov Variation. I know Black might like to play ...Nc4, but White's Bf1 would simply trade for it. I suppose the position might transpose to a Scheveningen Variation, but Polgar doesn't usually play that line. In short, I don't see any winning plan emerging for White with Qd2. What is the big threat White might be aiming to make? }
 (7. f4 
{ intending to meet ...b7-b5 with Nd4xc6 and Bf1-e2-f3 could be successful }) 7...b5 8. Nxc6 Qxc6 9. f3 Bb7
{ Black is not deterred. If Black is to continue developing on the queen-side then this is the best place for the bishop. It "bites on granite", but White's cautious pawn play (Pf3) makes it easier for Black to develop smoothly. }
10. O-O-O Ne7
{ From here the knight might maneuver Ne7-c8-b6-c4 or simply support ...d7-d5. Unless White puts more pressure on Black a move such as this can appear completely safe and terrific. White isn't taking away many of Black's options. }
11. Kb1 Ng6 12. h4 b4 (12...Bb4 $5 $11 
{ Fritz7; it might provoke White to play a2-a3, which weakens the king's position }) 13. Ne2 Ne5 14. Nf4 Rc8 15. Bd4 f6
{ It appears Black needs to spend a few moves to ensure the safety of her king before continuing the offense. Can White do much during this time? }
 (15...Nc4 $6 16. Bxc4 Qxc4 
{ and Black would find it somewhat difficult to develop Bf8 and to keep Ke8 safe }) 16. Nh5
{ This keeps Bf8 tied down. }
16...Qd6 $11
{ Fritz7 thinks this is the first moment when Black has equalized! I can only imagine this move is to clear the way for ...Ne5-c6, where the knight would challenge Bd4. }
 (16...Rc7 
{ over-protecting Pd7 and then ...Ke8-f7 over-protecting Pg7 would free Bf8 to move. }) 17. Qe1 Qc7 18. Rd2 Bc5 $2
{ It's very important to ensure the safety of Ke8 by getting rid of White's more offensively placed pieces. But, why is she gambitting Pg7? I suppose she didn't want to commit her king to the king-side with ...Ke8-f7. Fritz7 just thinks it's a big mistake (+/-) . }
 (18...Nc6 
{ might be alright, but there's a chance White would sacrifice a piece to attack at f6 or g7 }) 19. Nxg7+
{ Blunder or good move? It's not entirely clear to anyone but Fritz, and "he" often "changes his mind". }
 (
{ The obvious alternative is }
 19. Bxc5 Qxc5 20. Nxg7+ 
{ when Black's minor pieces will be well situated for the offense and White's Bf1, in particular, will not be; but it's still a gambit and Black takes a risk. }) 19...Ke7 20. Qe3 $2 (20. Nh5 $4 Bxd4 21. Rxd4 Qxc2+ 22. Ka1 Qc1+ 23. Qxc1 Rxc1#)  (20. Bxc5+ Qxc5 21. f4 Nc4 22. Bxc4 Qxc4 23. Qd1 Rhd8 24. Rd4 
{ when there's no question Ng7 can retreat safely via h5! - Fritz7 }) 20...h5 $15
{ Ng7 is trapped and it will be lost for two pawns; so White will be slightly behind, rather than ahead a pawn. There is also Black's queen-side play still to follow. }
21. Be2 (21. f4 $16 
{ Fritz7 }
 21...Ng4 $11 
{ Already Fritz7 sees it's to Black's advantage! Amazing, isn't it? }
 22. Bxc5+ Qxc5 23. Qd3 Rc7 24. e5 
{ Fritz7 }) 21...Rh7 22. Nxh5 Rxh5 23. f4
{ uncovering an attack on Rh5 and forcing the following move sequence }
23...Bxd4 24. Qxd4 (24. Rxd4 $4 Qxc2+ 25. Ka1 Rxh4 
{ gains a tempo (to save Ne5) by threatening ...Rxh1 }
 $19 
{ Mark and Fritz7 }) 24...Nc6
{ This knight interferes with Black's queen-side offense, so White has more time for his king-side offensive. }
25. Qe3 (25. Qxd7+ Qxd7 26. Rxd7+ Kxd7 27. Bxh5 $17 
{ Fritz7 }) 25...Rh7 26. g4 Rg8
{ White's pawns are the most threatening concerted force on the board, so Black has to play a bit of defense. }
 (26...e5 $17 
{ I don't think there are many people who would consider this move, even if it's good. }
 27. fxe5 Nxe5 28. g5 f5 29. g6 $11 
{ Fritz7 seems to be teasing us with a dramatic evaluation, but after only a few moves of it's own suggested variation it tosses out a different conclusion. }) 27. g5
{ This, it seems to me, is a bit too soon. Give Polgar time to move her pieces to worse squares before committing to any pawn structure changes. Safer is Be2-f3 or Rd2-d1. }
27...fxg5 28. fxg5 Qe5
{ and it's obvious Pe4 is a new weakness in White's position. There is also the immediate threat of ...Rg8xg5. }
29. Rdd1 Kd8
{ I like this move a lot. Moving the king to c7 or b8 to defend Bb7 and guard the dark squares is very useful. Black just has to be careful to not walk into trouble. }
30. Qb6+ (30. Bxa6 Bxa6 31. Qb6+ Ke7 32. Qxa6 Qxe4 $17 
{ Fritz7 }) 30...Kc8 $2 (30...Qc7) 31. Qf2 $2 (31. Bxa6 
{ gives White a chance! }) 31...a5 $1
{ Her defensive house is in order, so why not spend some moves on offense? This plan, which Fritz7 didn't "see", gives Black an excellent chance to win. }
32. Rhg1 a4 33. g6 (33. Rg4 a3 34. bxa3 bxa3 35. Qb6 $17 
{ Fritz7 }) 33...a3 34. c3 (34. bxa3 bxa3 35. Qb6 Rhg7 36. h5 Qxe4 $17 
{ Fritz7 }) 34...Rh6
{ Suddenly all the Fritz7 evaluations went big in Black's favor (-+) . }
35. g7 bxc3
{ White's posiiton just crumbles and the king-side pawns are no comfort. }
 (35...Rxg7 $4 36. Qf8+ Kc7 37. Qxg7 Qxe4+ 38. Bd3 $13) 36. bxa3 (36. Qf8+ Kc7 37. Qxa3  (37. Qxg8 c2+ 
{ leads to mate because of ...Qe5xb2 })  37...Rxg7 $19 
{ Fritz7; White's pawns will be captured, White's king will be somewhat exposed and Black's extra piece will become a dominant feature of the position }) 36...Rf6 37. Qb6 Rf7 (37...Qxe4+ 38. Bd3 Qxh4 $19 
{ Fritz7 }) 38. Rg5 Qxe4+ 39. Bd3 Qf3 (39...Qxh4 $19 
{ Fritz7; is safer because it stays in contact with the back rank at d8. Though the immediate threat to Rg5 is also useful }
 40. Rb5 d6) 40. Kc2
{ Why is White purposefully allowing ...Qf3-f2+, which forces a queen trade? I suppose it doesn't matter because Black isn't interested in a queen trade until she has gobbled up the White king-side pawns. White should try to switch to attacking Kc8 with Rb1 or Rb5. }
40...Rgxg7 (40...Qf4 
{ Fritz7 }) 41. Rxg7 (41. Rb1 Qf2+  (41...Nd8 $4 42. Rc5+ $11)   (41...Rxg5 42. Qxb7+ Kd8 43. Qb6+ Ke7 44. hxg5 Qg2+ 45. Kxc3 Qxg5  
{ is in Black's favor, but White still has a way to try to win, so Grischuk in  the game until Polgar can find a way to end his hopes. })  42. Qxf2  (42. Kxc3 $2 Qxb6 43. Rxb6 Rxg5 44. hxg5 $19)  42...Rxf2+ 43. Kxc3 Rxg5 44. hxg5 Rg2 45. g6 Rg3 $19  (45...Ne5 $1 46. Rxb7 Rg3 $19) ) 41...Rxg7 42. Rf1
{ This is a pretty good attacking scheme. Qb6 holds Kc8 in place and Rf1 threatens the kill (Rf8+) . }
42...Rg2+ (42...Qg2+ $4 43. Rf2) 43. Kc1 (43. Kxc3 Ne7 44. Rxf3 Nd5+ $19) 43...Rb2
{ Terrific stuff - both are trying every trick in the book to win. }
44. Qxb7+
{ White wins a bishop for his efforts, but the simplified queenless ending still looks better for Black; her pawns are together and White's are a mess. }
 (44. Qxb2 $4 cxb2+ $19 
{ The check gives White no time to capture Qf3. }) 44...Kxb7 45. Rxf3 Rh2 46. Rf4 d5 47. h5 e5
{ ...Nc6-d4, to create the threat of ...Rh2-h1+ or ...e5-e4 to shut out Bd3 might follow. I should add Grischuk really fought well and I expect to see him in the highest ranks sometime soon. }
0-1

[Event "GMA, Wijk aan Zee NED"]
[Site "?"]
[Date "2003.??.??"]
[Round "10"]
[White "Bareev,E"]
[Black "Karpov,An"]
[Result "1/2"]
[WhiteElo "2725"]
[BlackElo "2685"]
[PlyCount "120"]

1.d4 Nf6 2.c4 e6 3.Nc3 Bb4 4.Qc2 O-O 5.a3 Bxc3+ 6.Qxc3 b6 7.Bg5 Bb7 8.e3 
d6 9.Ne2 Nbd7 10.Qd3 h6 11.Bh4 Qe7 12.Nc3 c5 13.Rd1 Rfd8 14.Be2 cxd4 15.Qxd4 
Nc5 16.Bxf6 Qxf6 17.Qxf6 gxf6 18.Nb5 d5 19.cxd5 Bxd5 20.Nc7 Bb3 21.Nxa8 
Bxd1 22.Bxd1 Rxa8 23.Bc2 Rc8 24.Kd2 Kf8 25.g4 Nb7 26.Rg1 Nd6 27.Bd3 Rc5 
28.f3 Ke7 29.h4 Rc8 30.f4 Rc5 31.Ke2 Rc8 32.e4 e5 33.Ke3 exf4+ 34.Kxf4 
Rc5 35.Rg2 Rc1 36.Rc2 Rxc2 37.Bxc2 Nc4 38.Bb3 Ne5 39.Bd5 a5 40.b3 Nd3+ 
41.Ke3 Ne5 42.Kf4 Ng6+ 43.Kg3 Nf8 44.a4 Ng6 45.Bc4 Nf8 46.Kg2 Ng6 47.Kh3 
Nf4+ 48.Kg3 Ng6 49.Bd5 Nf8 50.Kg2 Ng6 51.Kg3 Nf8 52.Kf3 Ng6 53.h5 Ne5+ 
54.Kf4 Nd3+ 55.Kf5 Nb4 56.Bb7 Nc2 57.Kf4 Nd4 58.Bd5 Ne6+ 59.Kf5 Nd4+ 60.Kf4 
Ne6+ 1/2

[Event "GMA, Wijk aan Zee NED"]
[Site "?"]
[Date "2003.??.??"]
[Round "11"]
[White "Polgar,Ju"]
[Black "Bareev,E"]
[Result "1/2"]
[WhiteElo "2700"]
[BlackElo "2725"]
[PlyCount "58"]

1.e4 e6 2.d4 d5 3.Nc3 Nf6 4.Bg5 dxe4 5.Nxe4 Be7 6.Bxf6 Bxf6 7.Nf3 Nd7 8.Nxf6+ 
Nxf6 9.Bb5+ Bd7 10.Bd3 c5 11.dxc5 Qa5+ 12.c3 Qxc5 13.Qe2 Nd5 14.Qe5 O-O-O 
15.Be4 f6 16.Qd4 Qxd4 17.Nxd4 Ne7 18.f4 f5 19.Bc2 Ng6 20.O-O Nxf4 21.Rxf4 
e5 22.Rxf5 exd4 23.Rc5+ Bc6 24.Be4 Kc7 25.Bxc6 bxc6 26.cxd4 Rxd4 27.Rac1 
Rd6 28.h4 Re8 29.R1c2 Re4 1/2

[Event "GMA, Wijk aan Zee NED"]
[Site "?"]
[Date "2003.??.??"]
[Round "11"]
[White "Van Wely,L"]
[Black "Kramnik,V"]
[Result "1-0"]
[WhiteElo "2665"]
[BlackElo "2805"]
[PlyCount "97"]
[Annotator "Hathaway"]

1. d4
{ I'm not terribly familiar with Van Wely's opening preferences or style. }
1...Nf6 2. c4 e6 3. Nc3 Bb4 4. Qc2
{ White plans a2-a3 to get rid of Bb4 before continuing with his plan to occupy the center with pawns. }
4...O-O 5. a3 Bxc3+ 6. Qxc3 b6
{ First he used ...Bb4 and now ...Bb7: all resources to prevent e2-e4, but without weakening more squares by ...d7-d5 (at least not yet) . }
7. Bg5 Bb7 8. f3
{ Using this pawn to support e2-e4 weakens Ke1 a tiny bit and gets in the way of Ng1-f3. so, Black often responds with ...d7-d5 when the weakened e5 isn't much of an issue. This is a variation GM Alexei Shirov has played quite a lot in years past (see his book _Fire_on_Board_ for examples) . }
8...d6 $6
{ This is dubious because it allows White to occupy the center unhindered and having incurred no significant weaknesses. }
 (8...d5 
{ is considered the "standard" counter-measure }) 9. e4
{ threatening e4-e5 }
9...c5 10. dxc5 $1
{ This keeps the position somewhat open, though it does give up on using the pawns to squeeze Black to death. Inflicting weaknesses on the opponent is often more valuable than efforts to keep their pieces quiet (restrained) . After this the d-file will be at least partly open, White's Ra1-d1 could be very good and Pe4 will still block Bb7. }
10...bxc5 (10...dxc5 $2 11. e5 h6 12. Bh4 g5 13. Bf2 
{ and after Nf6 moves Black's king-side position will be terribly vulnerable }) 11. O-O-O Nc6
{ It looks like Black intends ...e6-e5 and ...Nc6-d4 to block the d-file and to keep White's light-square pawns fixed in place, so Bf1 can't become active. }
 (11...Nxe4 12. Bxd8 Nxc3 13. Rxd6 Na4 14. Bg5 $16 
{ Fritz7 }) 12. Bxf6 gxf6 13. Ne2
{ This rather normal-looking development move isn't among Fritz' top candidate moves, favoring instead the peculiar Qc3-d3 or f3-f4. }
13...e5 (13...Rb8 
{ Fritz7 }) 
{ In light of the game continuation one might consider ...Kg8-g7, but without ...e6-e5 and ...Nc6-d4 the pawn at d6 would still be weak. }
14. Qd2
{ This is a rather obvious attacking move: threatening Qxd6 or Qd2-h6 to get at Kg8. It also has the benefit of clearing c3 to allow Ne2-c3-d5. }
14...Nd4
{ blocking the threat to Pd6 and incidentally(!) threatening ...Nd4-b3+. }
 (
{ However, }
 14...Kg7 
{ gambitting Pd6, but preventing Qd2-h6 is definately worth consideration. }) 15. Qh6
{ With this there is a potential threat in Rxd4 and then Ne2-g3-f5 or Ng3-h5xf6. Black has to be careful with his king! }
15...Kh8 16. h4
{ possibly preparing Rh1-h3-g3; Fritz7 doesn't think highly of this move and "believes" ...Ra8-b8 equalizes. }
 (16. Ng3 Rg8 
{ and ...Rg8-g6 would guard Pf6 while chasing Qh6 away }) 16...Rb8
{ There is time for offensive moves until Black sees specific threats which must be defended, though it must be said that it wouldn't necessarily be easy for Black to generate an offense from this position. }
17. Nxd4 $5 cxd4
{ The wall of pawns from f7, f6, e5 and d4 prevents Black's pieces from sitting on the central or queen-side files while defending Kh8. }
18. Rd2
{ White keeps his king safe and uncovers Bf1. He might continue with Bf1-e2, Kc1-b1, Rh1-c1 if he needs a fortress. Offensively the plan isn't as obvious. From White's perspective it's good that Black has several weak pawns, but most of White's pieces will have to join in the offense at some point if he's to win. }
18...Rg8 19. h5
{ I'd guess this was a prepared line with Ph5 intended to prevent ...Rg8-g6 and keeping Qh6 firmly in place to threaten Pf6. }
19...Ba6 20. Bd3 Rb6 (20...Qe7 $11 
{ Fritz7 }) 21. Rc2 Rb3 22. Rd1 Qe7
{ It's difficult for Black to generate any offense when his king's position is weakened this way. }
23. Bf1 (23. Rdd2 $11 
{ Fritz7 }) 23...Qe6 24. Bd3 Rc8 25. Kb1 Rcb8
{ threatening ...Rb3xa3 }
 (25...Kg8 $11 
{ Fritz7 }) 26. Ka1 Qe7 27. g4 Bc8 28. Rg2 $5
{ He appears to be planning g4-g5-g6 or g4-g5xf6, keeping his offensive threats alive. }
28...Bd7 29. Rdd2 Rg8 30. Ka2 Rb6 31. Rdf2
{ It could be said White's pieces are a little better because they have this lateral mobility and can defend at b2 as well as play offense on the f- and g-files. But, how does one use those rooks offensively? There are too many pawns in front of them. }
31...Be6 32. Rg1 Rc6 33. b3 Rb6 $2 (33...a5 $1 
{ threatening to weaken Ka2 by ...a5-a4xb3+ }) (33...Rcc8 
{ Fritz7 }) 34. Rfg2 (34. f4 $14 a5 35. g5 fxg5 36. fxg5 a4 37. b4 Rc6 38. g6 fxg6 39. hxg6 Qg7 40. Qh1 $18 
{ Fritz7; Somewhere along the way Fritz7 began to see that White's plan had teeth. }) 34...Rbb8
{ White gets the first shot at offense and it's largely due to his queen being better than Black's, and that relates to White's king being safer than Black's. }
35. f4 Bd7 (35...exf4 $4 36. e5 
{ threatens Qxh7# }
 36...f5 37. gxf5 $18)  (35...a5 $14 
{ Fritz7 }) 36. g5 fxg5 $16
{ Fritz7; Black gets rid of one weak pawn, but White's advancing pawns are very hard to stop. At least Bd3 is kept quiet by leaving Pe4 in front of it. }
37. fxg5 Rg7 (37...a5 38. g6 fxg6 39. hxg6 Rg7 40. gxh7 Rxh7 41. Qd2 $16 
{ Fritz7 }) 38. Qf6
{ threatening Qxe7 (obviously) and h5-h6 to win Rg7 or mate }
38...Qxf6 39. gxf6 $18 Rxg2+ 40. Rxg2 h6 (40...Rg8 41. Rxg8+ Kxg8 42. h6 
{ In this ending it's very difficult for Kg8 or Bd7 to assist Pd4, but in most cases Ka2 can help his queen-side pawns move forward without too much difficulty. }) 41. b4
{ Fritz7 prefers Rg2-g7 or Ka2-b2. }
41...Rg8 42. Rxg8+ Kxg8 43. b5
{ Fritz7 prefers Ka2-b3. White's a- and b-file pawns are marching forward! }
43...Bg4 $8 (43...Kf8 44. a4 Ke8 45. a5 Kd8 46. Be2 Be6 47. Kb3 Kc7 48. Kb4 Kb7 49. c5 d5 50. c6+ Kc7 51. exd5 Bxd5 52. Kc5 Bb3 53. b6+ axb6+ 54. axb6+ $18) 44. a4 (44. Kb3 $11 
{ (0.00) Fritz7 }) 44...Kf8 $2 (44...Bxh5 45. a5 Bg4 46. a6 Bd7 $11 
{ Fritz7 }) 45. a5 Ke8 $4
{ This is a crucial position to calculate correctly. Are White's pawns advanced enough to force through? If Black has to retreat his bishop then Ph5 remains invulnerable and White has time to bring up his king to play c4-c5 and break through on dark squares. }
46. a6 $1
{ After this move the Fritz7 evaluation bounces around for a while, but after about 15 ply it jumps to +-. }
 (46. b6 $2 axb6 47. a6 Bc8 48. a7 Bb7 $17 
{ Mark & Fritz7 }) 46...Kd8 (46...Bc8 47. Kb3 Kd7 48. c5 dxc5 49. Bc4 Kc7 50. Bxf7 Bg4 51. Bd5 Bxh5 52. f7 Bxf7 53. Bxf7 $18 
{ Fritz7 }) 47. b6 Bd7 48. c5
{ After this Fritz7 sees it as massively advantageous to White. It's time for Black to resign. }
48...dxc5 49. Bc4
{ Black's bishop and king are overworked defending against bxa7, b6-b7-b8 or Bxf7. This was an impressive and really simple-looking game for Loek "King" Van Wely, especially considering that it's a victory against the reigning "Classical World Champion". I'd guess his home preparation was very much in use and that Kramnik wishes he hadn't played 8...d6 when he could've played 8...d5. }
1-0

[Event "GMA, Wijk aan Zee NED"]
[Site "?"]
[Date "2003.??.??"]
[Round "11"]
[White "Karpov,An"]
[Black "Ivanchuk,V"]
[Result "1/2"]
[WhiteElo "2685"]
[BlackElo "2695"]
[PlyCount "78"]

1.d4 Nf6 2.c4 g6 3.Nf3 Bg7 4.g3 d5 5.cxd5 Nxd5 6.Bg2 Nb6 7.Nc3 Nc6 8.e3 
O-O 9.O-O Re8 10.d5 Na5 11.Nd4 Bd7 12.e4 c6 13.Re1 cxd5 14.exd5 Rc8 15.Bf4 
Nac4 16.b3 Bg4 17.Qxg4 Bxd4 18.Bd2 Bf6 19.bxc4 Nxc4 20.d6 Nxd2 21.d7 Rxc3 
22.dxe8=Q+ Qxe8 23.Rac1 b5 24.Qb4 Rxc1 25.Rxc1 Nc4 26.a4 a6 27.axb5 axb5 
28.Rb1 Nd6 29.Bf1 Kg7 30.Bxb5 Qc8 31.Bd3 h5 32.Qe1 Qc5 33.Rc1 Qb6 34.Rc2 
Qa7 35.Qe2 Qb6 36.Qf3 Qb1+ 37.Kg2 Qb3 38.Re2 Qb4 39.Qe3 Qb7+ 1/2

[Event "GMA, Wijk aan Zee NED"]
[Site "?"]
[Date "2003.??.??"]
[Round "11"]
[White "Anand,V"]
[Black "Grischuk,A"]
[Result "1/2"]
[WhiteElo "2750"]
[BlackElo "2710"]
[PlyCount "25"]

1.e4 c5 2.Nf3 Nc6 3.Bb5 e6 4.Bxc6 bxc6 5.d3 Ne7 6.Qe2 Qc7 7.Nc3 Ng6 8.Ng5 
e5 9.Qh5 d6 10.O-O h6 11.Nh3 Be7 12.Kh1 Bf6 13.Ng1 1/2

[Event "GMA, Wijk aan Zee NED"]
[Site "?"]
[Date "2003.??.??"]
[Round "11"]
[White "Radjabov,T"]
[Black "Shirov,A"]
[Result "1/2"]
[WhiteElo "2620"]
[BlackElo "2720"]
[PlyCount "117"]

1.d4 d5 2.c4 c6 3.Nc3 Nf6 4.e3 e6 5.Nf3 Nbd7 6.Bd3 dxc4 7.Bxc4 b5 8.Bd3 
Bb7 9.e4 b4 10.Na4 c5 11.e5 Nd5 12.O-O cxd4 13.Nxd4 Nxe5 14.Bb5+ Nd7 15.Qh5 
N5f6 16.Nxe6 Nxh5 17.Nxd8 Rxd8 18.Re1+ Be7 19.Nc5 Bc8 20.Bg5 Nhf6 21.Rad1 
a6 22.Ba4 h6 23.Bxf6 gxf6 24.Nxd7 Bxd7 25.Rxd7 Rxd7 26.Rd1 O-O 27.Rxd7 
Rc8 28.g3 Kf8 29.Bb3 Rd8 30.Ra7 Rd2 31.Rxa6 Rxb2 32.Ra7 Rd2 33.Rc7 Rd3 
34.Kg2 Rd8 35.Kf3 Ra8 36.Kg4 Ra5 37.f4 Rb5 38.Rd7 Rc5 39.Rb7 Ra5 40.Kh4 
Rf5 41.Rb8+ Kg7 42.Re8 Bf8 43.Rd8 Be7 44.Rd7 Kf8 45.Kg4 Rc5 46.Rb7 Ra5 
47.Bc4 h5+ 48.Kh4 Rf5 49.Bb3 Ra5 50.Rd7 Rb5 51.Ra7 Rc5 52.Ra8+ Kg7 53.Re8 
Bd6 54.Re4 Rc8 55.Rd4 Rd8 56.Rd5 Be7 57.Ra5 Rd2 58.Kh3 Kg6 59.Rd5 1/2

[Event "GMA, Wijk aan Zee NED"]
[Site "?"]
[Date "2003.??.??"]
[Round "12"]
[White "Shirov,A"]
[Black "Topalov,V"]
[Result "1/2"]
[WhiteElo "2720"]
[BlackElo "2740"]
[PlyCount "72"]

1.e4 c6 2.d4 d5 3.e5 Bf5 4.Nc3 e6 5.g4 Bg6 6.Nge2 c5 7.Be3 Nc6 8.dxc5 h5 
9.Nf4 d4 10.Nxg6 fxg6 11.Qd3 Kf7 12.O-O-O dxc3 13.Qxc3 Qc7 14.Bc4 Qxe5 
15.Bd4 Qf4+ 16.Kb1 Re8 17.g5 Qxg5 18.Rhg1 Qh4 19.Rge1 Nf6 20.Qb3 Nd8 21.Be5 
Kg8 22.Bg3 Qg5 23.Re5 Qh6 24.h4 Kh7 25.Rg5 e5 26.Bd3 Ne6 27.Rxg6 Qxg6 28.Bxg6+ 
Kxg6 29.Bxe5 Nxc5 30.Qg3+ Kf7 31.b4 Nce4 32.Qb3+ Kg6 33.Bxf6 Nxf6 34.Rg1+ 
Kh7 35.Qd3+ Kg8 36.Qc4+ Kh7 1/2